000 00526nmm a2200169Ia 4500
008 251105s9999||||xx |||||||||||||||||und||
020 _a9789871518968
041 _aspa
100 _aAballay, Silvia
245 0 _aGestión cultural :
_b Entre conceptos lejanos y realidades cercanas
264 _a[Buenos Aires, Argentina] :
_bEduvim,
_c2010
300 _a178 páginas
650 _aEconomics and Business
700 _a Avendaño Manelli, Carla
856 _uhttps://public.digitaliapublishing.com/a/14441
942 _cCF
999 _c61508
_d61508